000 00988nam a22003137a 4500
003 CHAP
005 20220329141730.0
008 971013s r 00010 d
010 _a72986
011 _a73958
035 _a83516
040 _cCHAP
090 _aFolleto 5713
100 0 0 _aCanul Pech, Porfirio.
_918553
245 _aTérminos mayas para denominación de suelos
_b: vegetación, topografía, cultivos y aguas
260 _a(s.l. :
_bs.e.),
_c(s.a.)
300 _apág. varía
590 _aBATCH-UPD
_b10
_c20130110
_lUCH01
_h0357
590 _aBATCH-UPD
_b10
_c20130110
_lUCH01
_h2017
590 _aBATCH-UPD
_b10
_c20130410
_lUCH01
_h0030
590 _aBATCH-UPD
_b10
_c20130914
_lUCH01
_h0834
590 _aCONVERSION
_b10
_c20130109
_lUCH01
_h1340
650 1 4 _aAgricultura
_xTerminologia.
_91837
650 1 4 _aMaya.
_973189
700 0 _aRivera Márquez, Javier.
_997701
901 _aBK
942 _cFOLL
949 _aFolleto 5713
_bBC
_cFOLL
_d-38111
_eTS1
_i83516
_mD
_si
999 _c72986
_d72986